| 000 | 01152nam a2200301 a 4500 | ||
|---|---|---|---|
| 001 | 41763 | ||
| 003 | (BD-RJUL) | ||
| 005 | 20211209053439.0 | ||
| 008 | 160606r19631958cau b 001 0 eng d | ||
| 035 | _a(BD-RJUL)41881 | ||
| 040 |
_aDLC _cDLC _dEQO _d(BD-RJUL) _beng |
||
| 041 | _aeng | ||
| 051 |
_aAS36 _b.L54 vol. 15 _cCopy 2 |
||
| 082 |
_a323.32 _223 _bJOP 1963 |
||
| 100 | 1 |
_aJohnson, John J., _d1912-2004. _9128297 |
|
| 245 | 1 | 0 |
_aPolitical change in Latin America : _bthe emergence of the middle sectors / _cJohn J. Johnson. |
| 260 |
_aStanford, Calif. : _bStanford University Press, _c1963 |
||
| 300 |
_axiii, 272 p. ; _c22 cm. |
||
| 490 | 1 |
_aStanford studies in history, economics, and political science ; _v15 |
|
| 504 | _aIncludes bibliographic references (p. [197]-263) and index. | ||
| 650 | 0 |
_aMiddle class _zLatin America. _9128298 |
|
| 651 | 0 |
_aLatin America _xPolitics and government. _9128299 |
|
| 651 | 0 |
_aLatin America _xSocial conditions. _9128300 |
|
| 710 | 2 |
_aStanford University. _9128301 |
|
| 830 | 0 |
_aStanford studies in history, economics, and political science ; _v15. _9128302 |
|
| 942 |
_2ddc _cBK |
||
| 999 |
_c41763 _d41763 |
||